00951nam a2200229 a 4500001001000000003000500010005001700015008004100032010001100073011001100084040000900095100002700104245013200131260004100263500006000304502010600364650004700470650004800517650003800565650004800603856007000651000112104CHAP20220329144246.0151203s2015 mx a |sm |||||||spa d a108565 a109537 cCHAP1 aReyes Santiago, Yadira10aCaracterización del cooperativismo en cinco países de América Latina, 2000-2012h[En línea]cpor Yadira Reyes Santiago. aChapingo, Méx. :bEl autor,c2015. aPara ver el contenido del material haga clic en la liga aTesis (Ingeniero en Economía Agrícola) -- UACH. División de Ciencias Económico Administrativo14aAmérica LatinaxCondiciones económicas14aComercio internacionalzAmérica Latína.14aCooperativismoxAmérica Latina.14aIndicadores económicoszAmérica Latina. aFinding aiduhttp://10.13.5.2/tesis/sist112104.pdfzTeclea aquí